000 00508nam a2200193Ia 4500
003 OSt
005 20250220093453.0
008 210210b1966 xxu||||| |||| 00| 0 eng d
040 _cAL
041 _aKannada
082 _a853/514
100 _aSHRIRANGA
_9136870
_dಶ್ರೀರಂಗ
245 _aRangabharata
_bರಂಗಭಾರತ
260 _aDharavada
_bManohara Grantha Mala
_c1966
650 _aRangabhArata
_9136871
690 _aKannada Drama
_9136872
906 _a019785
942 _2ddc
_cBK
999 _c143930
_d143930